Radio Frequency Integrated Circuit Design /
Gespeichert in:
| Hauptverfasser: | , |
|---|---|
| Format: | Buch |
| Sprache: | Englisch |
| Veröffentlicht: |
Massachusetts :
Artech House,
2010
|
| Ausgabe: | 2. vydanie |
| Tags: |
Keine Tags, Fügen Sie das erste Tag hinzu!
|
MARC
| LEADER | 00000nam a22000003a 4500 | ||
|---|---|---|---|
| 001 | 0020889 | ||
| 003 | SK-STU | ||
| 005 | 20170113095350.8 | ||
| 007 | ta | ||
| 008 | 170112s ----xo-----e------000-0-----d | ||
| 020 | |a 978-1-60783-979-8 | ||
| 040 | |a STU |b slo | ||
| 041 | 0 | |a eng | |
| 044 | |a xxu | ||
| 080 | |a 621.38 | ||
| 100 | 1 | |a Rogers, John W.M. |4 aut |r Z6 | |
| 245 | 1 | 0 | |a Radio Frequency Integrated Circuit Design / |c aut. John W.M Rogers, Calvin Plett |
| 250 | |a 2. vydanie | ||
| 260 | |a Massachusetts : |b Artech House, |c 2010 | ||
| 300 | |a 513 s. | ||
| 700 | 1 | |a Plett, Calvin |4 aut | |
| 996 | |b 284EK89797 |c E* 89797 |l EE33 |s P |a 0 |w 0020889_0001 | ||